[Event "GRE-ch 72nd"]
[Site "Athens"]
[Date "2023.12.09"]
[Round "9"]
[White "Alexakis, Dimitris"]
[Black "Papakonstantinou, Dimitrios"]
[Result "0-1"]
[WhiteElo "2458"]
[BlackElo "2238"]
[PlyCount "130"]
[EventDate "2023.12.01"]
[EventType "tourn"]
[EventRounds "9"]
[EventCountry "GRE"]
[EventCategory "6"]
[SourceTitle "CB50_2023"]
[SourceDate "2023.12.13"]
[SourceVersion "1"]
[SourceVersionDate "2023.12.13"]
[SourceQuality "1"]

1. e4 e5 2. Nf3 Nc6 3. Bb5 a6 4. Ba4 Nf6 5. 0-0 b5 6. Bb3 Bc5 7. c3 d6 8. a4 Rb8 9. d4 Bb6 10. a5 Ba7 11. h3 Bb7 12. Be3 Nxe4 13. Re1 exd4 14. cxd4 d5 15. Nc3 Ne7 16. Ng5 Nf6 17. Bc2 0-0 18. Qd3 Ng6 19. h4 Re8 20. g3 Qd6 21. Ne2 c5 22. Rad1 Rbd8 23. Qc3 c4 24. Nf4 Ne4 25. Bxe4 dxe4 26. Nxg6 Qxg6 27. d5 Bb8 28. Kh2 Qh5 29. b3 cxb3 30. Qxb3 h6 31. Nh3 Rxd5 32. Bf4 Red8 33. Rxd5 Bxd5 34. Qe3 Qf5 35. Qb6 Qc8 36. Rd1 e3 37. Qxe3 Bb7 38. Rc1 Qd7 39. Bxb8 Rxb8 40. Nf4 Rc8 41. Re1 Qc7 42. Qd4 Rd8 43. Qe3 Qxa5 44. h5 Qc7 45. g4 Bc6 46. Rc1 Qd6 47. Qg3 Qf6 48. Nh3 Rd2 49. g5 Qd6 50. g6 Qxg3+ 51. Kxg3 Rd6 52. Nf4 Kf8 53. Ra1 Bd7 54. Rc1 Ke7 55. Rc7 fxg6 56. hxg6 a5 57. Kf3 Kf6 58. Ke3 a4 59. Ra7 Be8 60. Rb7 Ra6 61. Nd5+ Kxg6 62. Nc7 Bc6 63. Rb8 Ra7 64. Nxb5 Bxb5 65. Rxb5 a3 0-1

[Event "GRE-ch 72nd"]
[Site "Athens"]
[Date "2023.12.01"]
[Round "1"]
[White "Papakonstantinou, Dimitrios"]
[Black "Mitsis, Georgios"]
[Result "0-1"]
[WhiteElo "2238"]
[BlackElo "2385"]
[PlyCount "90"]
[EventDate "2023.12.01"]
[EventType "tourn"]
[EventRounds "9"]
[EventCountry "GRE"]
[EventCategory "6"]
[SourceTitle "CB50_2023"]
[SourceDate "2023.12.13"]
[SourceVersion "1"]
[SourceVersionDate "2023.12.13"]
[SourceQuality "1"]

1. e4 c5 2. Nf3 Nc6 3. d4 cxd4 4. Nxd4 Nf6 5. Nc3 e5 6. Ndb5 d6 7. Bg5 a6 8. Na3 b5 9. Bxf6 gxf6 10. Nd5 f5 11. c3 Bg7 12. Bd3 Be6 13. Qh5 b4 14. cxb4 Nd4 15. 0-0 Bxd5 16. exd5 e4 17. Rfe1 0-0 18. Bf1 Rb8 19. Rac1 Rxb4 20. b3 Qa5 21. Nc2 Nxc2 22. Rxc2 Rd4 23. Rec1 Qxd5 24. Rc8 Qe6 25. Bxa6 Qg6 26. Qh4 Bf6 27. Qg3 Be5 28. Qh4 Rxc8 29. Rxc8+ Kg7 30. g3 Bf6 31. Qh3 Rd1+ 32. Bf1 Rd2 33. a4 Bd4 34. a5 Bxf2+ 35. Kh1 f4 36. a6 Rb2 37. Re8 Rc2 38. Qh4 Be3 39. a7 Bxa7 40. Qxf4 Rf2 41. Qc1 Bd4 42. Ra8 e3 43. Re8 Qf5 44. Bg2 Ra2 45. Ra8 Rxg2 0-1

[Event "GRE-chT 49th"]
[Site "Thessaloniki"]
[Date "2022.08.13"]
[Round "2"]
[White "Gouloutis, Nikolaos"]
[Black "Papakonstantinou, Dimitrios"]
[Result "1-0"]
[WhiteElo "2362"]
[BlackElo "2206"]
[PlyCount "73"]
[EventDate "2022.08.12"]
[EventType "team-swiss"]
[EventRounds "7"]
[EventCountry "GRE"]
[SourceTitle "EXT 2024"]
[Source "ChessBase"]
[SourceDate "2023.10.10"]
[SourceVersion "1"]
[SourceVersionDate "2023.10.10"]
[SourceQuality "1"]
[WhiteTeam "Thessaloniki Aris"]
[BlackTeam "Eso Papafe Chronikon"]
[WhiteTeamCountry "GRE"]
[BlackTeamCountry "GRE"]

1. d4 Nf6 2. Nf3 g6 3. Nbd2 d5 4. b4 Bg7 5. e3 0-0 6. c4 c6 7. a4 Bf5 8. Qb3 Nbd7 9. Bb2 h6 10. h3 e6 11. Be2 g5 12. Rc1 Ne4 13. Nxe4 Bxe4 14. 0-0 Kh8 15. Nd2 Bh7 16. b5 Rg8 17. Ba3 Bg6 18. cxd5 cxd5 19. Bd6 Nf6 20. Bc7 Qe7 21. Rc3 h5 22. Rfc1 g4 23. hxg4 Nxg4 24. Bf4 Qf6 25. Bxg4 hxg4 26. Rc7 b6 27. R1c6 Qf5 28. Nf1 Bxd4 29. exd4 Qxf4 30. Qe3 Qxe3 31. Nxe3 g3 32. fxg3 a6 33. a5 axb5 34. axb6 Ra1+ 35. Kh2 Kg7 36. Rc8 Ra8 37. b7 1-0

[Event "Thessaloniki op 1st"]
[Site "Thessaloniki"]
[Date "2022.08.10"]
[Round "9"]
[White "Papakonstantinou, Dimitrios"]
[Black "Ladopoulos, Dimitrios"]
[Result "1-0"]
[WhiteElo "2206"]
[BlackElo "2335"]
[PlyCount "46"]
[EventDate "2022.08.03"]
[EventType "swiss"]
[EventRounds "9"]
[EventCountry "GRE"]
[SourceTitle "CBM 209 Extra"]
[Source "ChessBase"]
[SourceDate "2022.09.30"]
[SourceVersion "1"]
[SourceVersionDate "2022.09.30"]
[SourceQuality "1"]

1. e4 e6 2. d4 d5 3. Nc3 Nf6 4. e5 Nfd7 5. f4 c5 6. Nf3 Nc6 7. Be3 Be7 8. Qd2 0-0 9. dxc5 Qa5 10. Bd3 f6 11. 0-0 fxe5 12. fxe5 Bxc5 13. Ng5 g6 14. Nxe6 Bxe3+ 15. Qxe3 Re8 16. Qf4 Ncxe5 17. Ng5 Rf8 18. Qh4 h5 19. Rxf8+ Nxf8 20. Qf4 d4 21. Bc4+ Kg7 22. Nd5 Nfd7 23. Rf1 Qxd5 1-0

[Event "Thessaloniki op 1st"]
[Site "Thessaloniki"]
[Date "2022.08.06"]
[Round "5"]
[White "Agnello, Francesco Claudio"]
[Black "Papakonstantinou, Dimitrios"]
[Result "1/2-1/2"]
[WhiteElo "2024"]
[BlackElo "2206"]
[PlyCount "52"]
[EventDate "2022.08.03"]
[EventType "swiss"]
[EventRounds "9"]
[EventCountry "GRE"]
[SourceTitle "CBM 209 Extra"]
[Source "ChessBase"]
[SourceDate "2022.09.30"]
[SourceVersion "1"]
[SourceVersionDate "2022.09.30"]
[SourceQuality "1"]

1. e4 e5 2. Nf3 Nc6 3. d4 exd4 4. Bc4 Nf6 5. e5 d5 6. Bb5 Ne4 7. Nxd4 Bd7 8. Bxc6 bxc6 9. 0-0 Bc5 10. f3 Ng5 11. f4 Ne4 12. c3 0-0 13. Nd2 Nxd2 14. Bxd2 Bf5 15. Kh1 Qd7 16. Qa4 Bd3 17. Rf3 Be4 18. Rg3 f6 19. Qxc6 Qxc6 20. Nxc6 fxe5 21. Nxe5 Bd6 22. Be3 Rf5 23. Kg1 Bxe5 24. fxe5 Rxe5 25. Bd4 Re7 26. Bc5 Re6 1/2-1/2

[Event "Belgrade Serbia op"]
[Site "Belgrade"]
[Date "2021.07.08"]
[Round "9"]
[White "Papakonstantinou, Dimitrios"]
[Black "Korkmaz, Necmettin"]
[Result "1-0"]
[WhiteElo "2251"]
[BlackElo "2101"]
[PlyCount "55"]
[EventDate "2021.07.02"]
[EventType "swiss"]
[EventRounds "9"]
[EventCountry "SRB"]
[SourceTitle "EXT 2022"]
[Source "ChessBase"]
[SourceDate "2021.10.06"]
[SourceVersion "1"]
[SourceVersionDate "2021.10.06"]
[SourceQuality "1"]

1. e4 e6 2. d4 d5 3. Nc3 Bb4 4. Nge2 dxe4 5. a3 Bxc3+ 6. Nxc3 f5 7. Be3 Nf6 8. f3 Nd5 9. Nxd5 exd5 10. fxe4 Qh4+ 11. Bf2 Qxe4+ 12. Be2 0-0 13. 0-0 f4 14. c4 dxc4 15. Bxc4+ Kh8 16. Qb3 Nc6 17. Rae1 Qg6 18. Qc3 Qd6 19. d5 Ne7 20. Bd4 Nf5 21. Be5 Qc5+ 22. Kh1 b5 23. Bd3 Qxc3 24. Bxc3 Bb7 25. Rxf4 Nd6 26. Rh4 Nf5 27. Rh3 Bc8 28. g4 1-0

[Event "Veliko Gradiste Silver Lake op-A"]
[Site "Veliko Gradiste"]
[Date "2021.06.23"]
[Round "1"]
[White "Papakonstantinou, Dimitrios"]
[Black "Kalogeris, Ioannis"]
[Result "1/2-1/2"]
[WhiteElo "2251"]
[BlackElo "2307"]
[PlyCount "22"]
[EventDate "2021.06.23"]
[EventType "swiss"]
[EventRounds "9"]
[EventCountry "SRB"]
[SourceTitle "CBM 203 Extra"]
[Source "ChessBase"]
[SourceDate "2021.09.30"]
[SourceVersion "1"]
[SourceVersionDate "2021.09.30"]
[SourceQuality "1"]

1. d4 Nf6 2. Nf3 b6 3. c4 Bb7 4. Nc3 e6 5. Qc2 Bb4 6. e3 Ne4 7. Bd3 f5 8. 0-0 Bxc3 9. bxc3 0-0 10. Nd2 Nxd2 11. Bxd2 Qh4 1/2-1/2

[Event "FIDE World Uni Rapid-E 1st"]
[Site "Tornelo INT"]
[Date "2021.03.21"]
[Round "8"]
[White "Hryshchenko, Kamila"]
[Black "Papakonstantinou, Dimitrios"]
[Result "0-1"]
[WhiteElo "2028"]
[BlackElo "2251"]
[PlyCount "72"]
[EventDate "2021.03.20"]
[EventType "swiss (rapid)"]
[EventRounds "12"]
[EventCountry "NET"]
[SourceTitle "EXT 2022"]
[Source "ChessBase"]
[SourceDate "2021.10.06"]
[SourceVersion "1"]
[SourceVersionDate "2021.10.06"]
[SourceQuality "1"]

1. e4 e5 2. Nf3 Nc6 3. Bb5 a6 4. Ba4 Nf6 5. d4 b5 6. Bb3 Nxe4 7. 0-0 d5 8. Nxe5 Nxe5 9. dxe5 Be6 10. Be3 Bc5 11. Qe2 0-0 12. c3 Qe7 13. Bc2 Rfe8 14. Bxc5 Qxc5 15. b4 Qc6 16. f4 f5 17. exf6 Nxf6 18. Qd3 d4 19. Qxd4 Rad8 20. Qf2 Bc4 21. Re1 Ng4 22. Bxh7+ Kxh7 23. Qh4+ Kg8 24. Rxe8+ Rxe8 25. Nd2 Qb6+ 26. Kh1 Nf2+ 27. Kg1 Ne4+ 28. Kh1 Nxd2 29. Rd1 Qe3 30. h3 Ne4 31. Rd8 Nf6 32. Rxe8+ Qxe8 33. Qf2 Qe4 34. Qc5 Qxf4 35. Qe7 Bd5 36. Qd8+ Kh7 0-1

[Event "FIDE World Uni Rapid-E 1st"]
[Site "Tornelo INT"]
[Date "2021.03.21"]
[Round "9"]
[White "Vazquez, Guillermo"]
[Black "Papakonstantinou, Dimitrios"]
[Result "1-0"]
[WhiteElo "2527"]
[BlackElo "2251"]
[PlyCount "99"]
[EventDate "2021.03.20"]
[EventType "swiss (rapid)"]
[EventRounds "12"]
[EventCountry "NET"]
[SourceTitle "EXT 2022"]
[Source "ChessBase"]
[SourceDate "2021.10.06"]
[SourceVersion "1"]
[SourceVersionDate "2021.10.06"]
[SourceQuality "1"]

1. e4 e5 2. Nf3 Nc6 3. Bb5 a6 4. Ba4 Nf6 5. 0-0 Bc5 6. Bxc6 bxc6 7. Nxe5 0-0 8. d4 Bb6 9. Nc3 d6 10. Nc4 Ba7 11. Bg5 h6 12. Bh4 g5 13. Bg3 Re8 14. Re1 Rb8 15. b3 Be6 16. Na5 Qd7 17. Qd2 d5 18. Be5 Ng4 19. exd5 cxd5 20. Bg3 Rb4 21. Ne2 c5 22. a3 Rb5 23. a4 Rbb8 24. Bxb8 Rxb8 25. f3 Nf6 26. Kh1 Qc7 27. b4 cxb4 28. Nb3 a5 29. Nc5 Bxc5 30. dxc5 Qxc5 31. Nd4 Bd7 32. h4 gxh4 33. Qf4 Rb6 34. Qxh4 Qf8 35. Qg3+ Kh7 36. Qc7 Rb8 37. Qe5 Rb6 38. Qc7 Rb8 39. Qxa5 Qd6 40. Nb5 Qg3 41. Qc7 Qxc7 42. Nxc7 Rc8 43. Na6 Rxc2 44. Nxb4 Rb2 45. Nd3 Rd2 46. Ne5 Be6 47. a5 d4 48. a6 Bd5 49. a7 Ba8 50. Nc4 1-0

[Event "Thessaloniki Cup Final 4"]
[Site "Thessaloniki"]
[Date "2020.09.20"]
[Round "2.1"]
[White "Papakonstantinou, Dimitrios"]
[Black "Kalogeris, Ioannis"]
[Result "0-1"]
[WhiteElo "2250"]
[BlackElo "2306"]
[PlyCount "112"]
[EventDate "2020.09.19"]
[EventType "team-k.o."]
[EventRounds "2"]
[EventCountry "GRE"]
[SourceTitle "CBM 198 Extra"]
[Source "ChessBase"]
[SourceDate "2020.11.30"]
[SourceVersion "1"]
[SourceVersionDate "2020.11.30"]
[SourceQuality "1"]
[WhiteTeam "Galaxias"]
[BlackTeam "Thessaloniki ES"]
[WhiteTeamCountry "GRE"]
[BlackTeamCountry "GRE"]

1. e4 e5 2. Nf3 Nc6 3. d4 exd4 4. Nxd4 Bc5 5. Nxc6 bxc6 6. Nc3 Qf6 7. f4 a5 8. Qf3 Ne7 9. Be3 Bxe3 10. Qxe3 d6 11. 0-0-0 0-0 12. Be2 Re8 13. Qf3 Bb7 14. g4 Ng6 15. Rhf1 Qh4 16. Bc4 Ba6 17. Bxa6 Rxa6 18. g5 Rb6 19. Rd2 f6 20. Rg2 f5 21. Re2 fxe4 22. Rxe4 Rf8 23. Ne2 d5 24. Re6 Rb4 25. Rxc6 Re4 26. Qd3 Kh8 27. Rxc7 Qxh2 28. Qc3 d4 29. Nxd4 Nxf4 30. Kb1 Ne6 31. Rxf8+ Nxf8 32. Nb3 Qg1+ 33. Nc1 Qxg5 34. Rc8 Rf4 35. Qe3 Qf5 36. Rc5 Qe4 37. Qxe4 Rxe4 38. Rxa5 g6 39. Nd3 h5 40. b4 h4 41. Re5 Rg4 42. Re3 g5 43. b5 Rd4 44. c3 Rd6 45. a4 g4 46. Ne5 g3 47. Nf7+ Kg8 48. Ng5 Rd1+ 49. Kb2 Rh1 50. b6 g2 51. Nf3 Rh3 52. b7 Nd7 53. Re7 Rxf3 54. Rxd7 Rf8 55. Rd1 h3 56. Rg1 Rb8 0-1

[Event "EU-ch Online U2300 Qual"]
[Site "Chess.com INT"]
[Date "2020.05.25"]
[Round "6"]
[White "Lahdelma, Henri"]
[Black "Papakonstantinou, Dimitrios"]
[Result "0-1"]
[WhiteElo "2264"]
[BlackElo "2250"]
[PlyCount "70"]
[EventDate "2020.05.25"]
[EventType "swiss"]
[EventRounds "8"]
[EventCountry "NET"]
[SourceTitle "EXT 2021"]
[Source "ChessBase"]
[SourceDate "2020.10.23"]
[SourceVersion "1"]
[SourceVersionDate "2020.10.23"]
[SourceQuality "1"]

1. d4 Nf6 2. c4 g6 3. Nc3 Bg7 4. e4 d6 5. Nf3 0-0 6. Be2 e5 7. 0-0 Na6 8. Bg5 h6 9. Bh4 Qe8 10. d5 Nh5 11. Re1 Bd7 12. Nd2 Nf4 13. Bf1 f5 14. f3 Qf7 15. Rb1 g5 16. Bf2 g4 17. exf5 Bxf5 18. Nce4 Qg6 19. Qb3 gxf3 20. g3 b6 21. Qxf3 Nc5 22. Bxc5 bxc5 23. Qe3 h5 24. Kh1 Nh3 25. Bg2 Bh6 26. Qe2 Bg4 27. Qd3 Bf5 28. Qe2 h4 29. Ra1 hxg3 30. Nxg3 Bg4 31. Bf3 Bxd2 32. Bxg4 Nf2+ 33. Kg2 Qxg4 34. Qxd2 Qf3+ 35. Kg1 Nh3# 0-1

[Event "EU-ch Online U2300 Qual"]
[Site "Chess.com INT"]
[Date "2020.05.25"]
[Round "7"]
[White "Papakonstantinou, Dimitrios"]
[Black "Khachatryan, Veronika"]
[Result "1-0"]
[WhiteElo "2250"]
[BlackElo "1869"]
[PlyCount "103"]
[EventDate "2020.05.25"]
[EventType "swiss"]
[EventRounds "8"]
[EventCountry "NET"]
[SourceTitle "EXT 2021"]
[Source "ChessBase"]
[SourceDate "2020.10.23"]
[SourceVersion "1"]
[SourceVersionDate "2020.10.23"]
[SourceQuality "1"]

1. e4 c5 2. Nf3 Nc6 3. d4 cxd4 4. Nxd4 g6 5. c4 d6 6. Nc3 Nf6 7. Be2 Nxd4 8. Qxd4 Bg7 9. Be3 0-0 10. Qd1 a5 11. 0-0 a4 12. Rb1 Be6 13. Qd2 Qa5 14. Rfc1 Rfc8 15. f3 Bxc4 16. Bxc4 Rxc4 17. Nd5 Qxd2 18. Nxf6+ Bxf6 19. Bxd2 Rac8 20. Rd1 Rc2 21. b3 a3 22. Rbc1 Bb2 23. Rxc2 Rxc2 24. Bb4 Kg7 25. Rd2 Rc1+ 26. Kf2 Ra1 27. Ke2 Kf6 28. Kd3 b5 29. Bc3+ Bxc3 30. Kxc3 Rc1+ 31. Kb4 Rc5 32. Kxa3 Ke5 33. Kb4 Kf4 34. a4 bxa4 35. bxa4 f5 36. exf5 gxf5 37. a5 Ke3 38. Ra2 Rc8 39. a6 d5 40. a7 Ra8 41. Ra3+ Kf2 42. f4 Kxg2 43. h4 h5 44. Kc5 Rxa7 45. Rxa7 Kf3 46. Kxd5 Kxf4 47. Ra4+ Kg3 48. Ke5 e6 49. Rb4 Kf3 50. Kxe6 f4 51. Kf5 Kg3 52. Rxf4 1-0

[Event "EU-ch Online U2300 Qual"]
[Site "Chess.com INT"]
[Date "2020.05.25"]
[Round "5"]
[White "Papakonstantinou, Dimitrios"]
[Black "Reshetniak, Vitaly"]
[Result "0-1"]
[WhiteElo "2250"]
[BlackElo "2026"]
[PlyCount "90"]
[EventDate "2020.05.25"]
[EventType "swiss"]
[EventRounds "8"]
[EventCountry "NET"]
[SourceTitle "EXT 2021"]
[Source "ChessBase"]
[SourceDate "2020.10.23"]
[SourceVersion "1"]
[SourceVersionDate "2020.10.23"]
[SourceQuality "1"]

1. e4 c5 2. Nf3 e6 3. d4 cxd4 4. Nxd4 a6 5. Bd3 Bc5 6. Nb3 Be7 7. Be3 Nf6 8. 0-0 0-0 9. Qe2 Nc6 10. f4 d6 11. N1d2 e5 12. f5 d5 13. Kh1 Qc7 14. Bg5 d4 15. g4 h6 16. Bh4 Bd7 17. g5 hxg5 18. Bxg5 Nb4 19. Rg1 Rfc8 20. Qg2 Nxd3 21. cxd3 Kf8 22. Qh3 Kg8 23. Qg2 Kf8 24. Rac1 Qb6 25. Nc4 Rxc4 26. Rxc4 Bb5 27. Bxf6 Bxf6 28. Rcc1 Bxd3 29. Nc5 Bb5 30. Qh3 Rd8 31. Qb3 d3 32. a4 d2 33. Rc3 Be7 34. axb5 Bxc5 35. Rd1 axb5 36. Rd3 Rxd3 37. Qxd3 Be3 38. Kg2 Kg8 39. Kf3 Qh6 40. Kg2 Qf4 41. Qe2 Qxe4+ 42. Qf3 Qd3 43. Ra1 Qc2 44. Ra8+ Kh7 45. Qh5+ Bh6 0-1

[Event "Graz op-A"]
[Site "Graz"]
[Date "2020.02.21"]
[Round "9"]
[White "Papakonstantinou, Dimitrios"]
[Black "Golecki, Jan"]
[Result "0-1"]
[WhiteElo "2275"]
[BlackElo "2112"]
[PlyCount "68"]
[EventDate "2020.02.14"]
[EventType "swiss"]
[EventRounds "9"]
[EventCountry "AUT"]
[SourceTitle "CBM 195 Extra"]
[Source "ChessBase"]
[SourceDate "2020.05.31"]
[SourceVersion "1"]
[SourceVersionDate "2020.05.31"]
[SourceQuality "1"]

1. e4 e5 2. Nf3 Nc6 3. d4 exd4 4. Nxd4 Nf6 5. Nxc6 bxc6 6. e5 Qe7 7. Qe2 Nd5 8. c4 Ba6 9. Nd2 Nb6 10. b3 g6 11. Bb2 Bg7 12. 0-0-0 0-0 13. h4 Rfe8 14. f4 d6 15. Re1 d5 16. Rh3 dxc4 17. Qe4 Bc8 18. Rc3 cxb3 19. Nxb3 Nd5 20. Rxc6 Nb4 21. Ba3 Nd3+ 22. Bxd3 Qxa3+ 23. Kb1 Bb7 24. Bb5 Rab8 25. Qc4 Bxc6 26. Bxc6 Rb4 27. Qc2 Reb8 28. Bd5 Rxf4 29. Qxc7 Qb4 30. Rd1 Qb6 31. Qe7 Rf2 32. h5 gxh5 33. Bc4 Qg6+ 34. Bd3 Qxg2 0-1

[Event "Kavala op 28th"]
[Site "Kavala"]
[Date "2019.08.08"]
[Round "6"]
[White "Samaridis, Konstantinos"]
[Black "Papakonstantinou, Dimitrios"]
[Result "1/2-1/2"]
[WhiteElo "2055"]
[BlackElo "2298"]
[PlyCount "119"]
[EventDate "2019.08.04"]
[EventType "swiss"]
[EventRounds "9"]
[EventCountry "GRE"]
[SourceTitle "CBM 191 Extra"]
[Source "ChessBase"]
[SourceDate "2019.09.30"]
[SourceVersion "1"]
[SourceVersionDate "2019.09.30"]
[SourceQuality "1"]

1. e4 Nf6 2. e5 Nd5 3. d4 d6 4. c4 Nb6 5. exd6 cxd6 6. Nc3 g6 7. Be3 Bg7 8. Rc1 0-0 9. b3 Nc6 10. d5 Ne5 11. Be2 h5 12. Nf3 Nxf3+ 13. Bxf3 Nd7 14. 0-0 a6 15. Be2 Nf6 16. Bd4 Bd7 17. f4 b5 18. Bd3 bxc4 19. bxc4 Ng4 20. Be4 Qc7 21. Bxg7 Kxg7 22. Qd4+ Nf6 23. Bd3 Qa7 24. Ne2 Rfc8 25. Rb1 Bg4 26. Qxa7 Rxa7 27. Nd4 Rc5 28. Nb3 Rcc7 29. Nd4 Bc8 30. Rb6 Nd7 31. Rc6 Nc5 32. Bc2 Rxc6 33. Nxc6 Rc7 34. Kf2 Kf6 35. Ke3 Bd7 36. Nb8 Rb7 37. Rb1 Rxb1 38. Bxb1 Ba4 39. Nc6 Bxc6 40. dxc6 Ne6 41. Be4 Nc7 42. Kd4 e6 43. g3 Ke7 44. Bd3 Kd8 45. c5 d5 46. Ke5 Ke7 47. a4 a5 48. h3 Ne8 49. g4 hxg4 50. hxg4 Nf6 51. g5 Ne8 52. Be2 Kd8 53. Bd3 Kc8 54. Ba6+ Kc7 55. Bb5 Kd8 56. Bd3 Ke7 57. Bb5 Nc7 58. Bd3 Na8 59. Ba6 Nc7 60. Bd3 1/2-1/2

[Event "Thessaloniki Triandria op 12th"]
[Site "Thessaloniki"]
[Date "2019.05.02"]
[Round "5"]
[White "Mehmed, Elif"]
[Black "Papakonstantinou, Dimitrios"]
[Result "1/2-1/2"]
[WhiteElo "2135"]
[BlackElo "2322"]
[PlyCount "125"]
[EventDate "2019.04.29"]
[EventType "swiss"]
[EventRounds "9"]
[EventCountry "GRE"]
[SourceTitle "CBM 190 Extra"]
[Source "ChessBase"]
[SourceDate "2019.07.15"]
[SourceVersion "1"]
[SourceVersionDate "2019.07.15"]
[SourceQuality "1"]

1. e4 d6 2. d4 Nf6 3. Nc3 c6 4. f4 d5 5. e5 Ng8 6. Nf3 h5 7. Ng5 Bg4 8. Be2 Qc8 9. h3 Bxe2 10. Qxe2 Qf5 11. Rf1 h4 12. Nd1 e6 13. Ne3 Qg6 14. Nf3 Ne7 15. Qf2 Qe4 16. c3 Nf5 17. Ng5 Qd3 18. Nxf5 Qxf5 19. Be3 Nd7 20. Nf3 Be7 21. Nh2 Nb6 22. Ng4 a5 23. Qe2 a4 24. Kf2 g6 25. b3 Kf8 26. Kg1 Kg7 27. Nh2 Ra7 28. c4 axb3 29. axb3 Rha8 30. Rxa7 Rxa7 31. c5 Na8 32. Nf3 Nc7 33. Ng5 Ra3 34. Qb2 Nb5 35. Rd1 Bd8 36. Kh1 Kf8 37. Nh7+ Ke8 38. Ra1 Rxa1+ 39. Qxa1 Qe4 40. Bg1 g5 41. Nxg5 Qxf4 42. Nf3 Kd7 43. Bf2 Qe4 44. Qa8 Qe2 45. Qxb7+ Bc7 46. Kg1 Qb2 47. Qa6 Qc1+ 48. Kh2 f6 49. Bxh4 Nxd4 50. Nxd4 Qf4+ 51. Kh1 Qxd4 52. Bxf6 Qxc5 53. Qe2 Bb6 54. Kh2 Qc1 55. Kg3 Qc3+ 56. Qf3 Qc2 57. Bg5 Kc8 58. h4 Bc7 59. Qf8+ Kb7 60. Qb4+ Kc8 61. Qf8+ Kb7 62. Qb4+ Kc8 63. Qf8+ 1/2-1/2

[Event "Thessaloniki Triandria op 12th"]
[Site "Thessaloniki"]
[Date "2019.05.01"]
[Round "3"]
[White "Mavrikakis, Georgios"]
[Black "Papakonstantinou, Dimitrios"]
[Result "1/2-1/2"]
[WhiteElo "2076"]
[BlackElo "2322"]
[PlyCount "76"]
[EventDate "2019.04.29"]
[EventType "swiss"]
[EventRounds "9"]
[EventCountry "GRE"]
[SourceTitle "CBM 190 Extra"]
[Source "ChessBase"]
[SourceDate "2019.07.15"]
[SourceVersion "1"]
[SourceVersionDate "2019.07.15"]
[SourceQuality "1"]

1. e4 c5 2. Nf3 e6 3. d4 cxd4 4. Nxd4 Nf6 5. Nc3 d6 6. g3 Be7 7. Bg2 0-0 8. 0-0 Nc6 9. Nb3 Rb8 10. Qe2 b6 11. a3 Bb7 12. f4 a6 13. Be3 Qc7 14. g4 Rfe8 15. h4 Nd7 16. g5 Bf8 17. h5 Nc5 18. g6 hxg6 19. hxg6 fxg6 20. Qg4 Qf7 21. Nd4 Nxd4 22. Bxd4 b5 23. f5 Bxe4 24. Nxe4 gxf5 25. Qg3 Nxe4 26. Bxe4 Rbc8 27. Rf2 d5 28. Bd3 Be7 29. Bxf5 exf5 30. Rxf5 Bc5 31. Rxf7 Bxd4+ 32. Kh1 Kxf7 33. Qf3+ Bf6 34. Qxd5+ Kf8 35. Rd1 Rxc2 36. Qd6+ Kg8 37. Rd2 Re1+ 38. Kg2 Re2+ 1/2-1/2